000 00645nam a2200229 u 4500
005 20210223133715.0
008 181121s2008 es r 000 0 spa d
020 _a9788424190187
035 _aUPN01000228003
049 _aI
050 4 _aBF1566
_bH3.2
100 1 _aHarrison, Ingrid
_939035
245 1 0 _aBrujas, diablos y demonios /
_cIngrid Harrison ; tr. Ferrán Alaminos.
260 _aLeón, Esp. :
_bEverest,
_c2008.
300 _a23 p. :
_bil. col.
440 0 _aClaro
650 4 _aBRUJERIA -
_vLITERATURA INFANTIL
_927519
650 4 _aDIABLO
_95563
650 4 _aDEMONOLOGIA
_95562
905 _aInfantil
999 _c200098
_d200098